| 000 | 00818nam a2200253Ia 4500 | ||
|---|---|---|---|
| 003 | OSt | ||
| 005 | 20220926005318.0 | ||
| 006 | a|||||r|||| 00| 0 | ||
| 007 | ta | ||
| 008 | 220923b |||||||| |||| 00| 0 eng d | ||
| 020 |
_a9788183875073 _c935 |
||
| 037 |
_b625, 23/09/2012, Ansh Book International _cGeneral Book |
||
| 040 |
_aRTL _cRTL _beng |
||
| 041 |
_2eng _aeng |
||
| 082 | _aX:54.1,hN95:(J), Q2 | ||
| 100 |
_aNEHRU S _9310031 |
||
| 245 | 0 | _aImpact of the policies of WTO on Indian Agriculture | |
| 260 |
_a New Delhi _bSerial Publications _c2012 |
||
| 300 |
_axi, 285p _ccm. |
||
| 500 | _aBibli :P261-270; Apendix : P 272-285 | ||
| 650 | _aGeography | ||
| 942 |
_hX:54.1,hN95:(J), Q2 _cGB _2CC |
||
| 999 |
_c613469 _d613469 |
||